| 000 | 01862nam a2200493 i 4500 | ||
|---|---|---|---|
| 001 | 25922 | ||
| 003 | KOSZ 005 | ||
| 005 | 20220824101118.0 | ||
| 008 | 200805s1974 pl a f 001 0 pol | ||
| 015 | _aUWD 1974/1545 | ||
| 035 | _a991027740569705066 | ||
| 035 | _a(PL-WaBN)b17517497-48omnis_nlop | ||
| 035 | _ab17517497 | ||
| 035 | _a(OCoLC)838699900 | ||
| 035 | _a(PL)b0000001751749 | ||
| 035 | _a(EXLNZ-48OMNIS_NETWORK)9910268058505606 | ||
| 040 |
_aWA N _cWA N _dKOSZ 005/RW _dKOSZ 005/HR |
||
| 046 | _k1974 | ||
| 080 | _a550.4 | ||
| 080 | _a549 | ||
| 080 | _a(07) | ||
| 100 | 1 |
_aPolański, Antoni _d(1914-2002) _eAutor |
|
| 245 | 1 | 0 |
_aGeochemia i surowce mineralne / _cAntoni Polański. |
| 260 |
_aWarszawa : _bWydawnictwa Geologiczne, _c1974. |
||
| 300 |
_a352 strony, [16] stron tablilc : _bilustracje, wykresy ; _c25 cm. |
||
| 336 |
_aTekst _btxt _2rdacontent |
||
| 337 |
_aBez urządzenia pośredniczącego _bn _2rdamedia |
||
| 338 |
_aWolumin _bnc _2rdacarrier |
||
| 380 | _aKsiążki | ||
| 380 | _aPublikacje dydaktyczne | ||
| 388 | 1 | _a1901-2000 | |
| 388 | 1 | _a1945-1989 | |
| 504 | _aBibliografia na stronie [328]. Indeks. | ||
| 521 | 8 | _aPodręcznik jest przeznaczony głównie dla studentów chemii na uniwersytetach, w których programie studiów wprowadzony został osobny kurs geochemii. Podręcznik ten może też spełnić rolę podręcznika uzupełniającego i pomocniczego dla studentów geologii na wyższych uczelniach. | |
| 650 | 7 |
_aGeochemia _2DBN |
|
| 650 | 7 |
_aMinerały _2DBN |
|
| 655 | 7 |
_aPodręcznik _2DBN |
|
| 658 | _aGeografia i nauki o Ziemi | ||
| 658 | _aChemia | ||
| 710 | 2 |
_aWydawnictwa Geologiczne _4pbl |
|
| 856 |
_uhttp://koha.tu.koszalin.pl/cgi-bin/koha/opac-detail.pl?biblionumber=25922 _yKatalog online BPK |
||
| 942 |
_2UKD _cKS |
||
| 999 |
_c25922 _d25922 |
||